000118037 001__ 118037 000118037 005__ 20230622083328.0 000118037 0247_ $$2doi$$a10.15584/kpe.2020.8.15 000118037 0248_ $$2sideral$$a129516 000118037 037__ $$aART-2020-129516 000118037 041__ $$aeng 000118037 100__ $$0(orcid)0000-0003-2033-9792$$aSoler Costa, Rebeca$$uUniversidad de Zaragoza 000118037 245__ $$aRethinking teacher training: Covid-19 and the rise of e-learning 000118037 260__ $$c2020 000118037 5060_ $$aAccess copy available to the general public$$fUnrestricted 000118037 5203_ $$aThe Covid-19 pandemic has caused an exponential change in the educational environment. The impact of epidemiological situation has been so powerful, that it can be considered that a new paradigm has been born based on semi-presence as new didactic normality. We witness the new and accelerated context where Information and Communication Technologies (ICT) have acquired a greater role than they used to ever have. Under this new perspective, which also involves a strong reflection on the teaching-learning processes, a review of existing technological resources and their functionality at present is proposed. Taking all of this into consideration, during the beginning of the 21st century the technological advances in the field of education have been significant. Management platforms, resources on the Internet, or other media and simultaneous interaction are some of the key tools in a world immersed in a rethinking that goes far beyond a classroom. 000118037 540__ $$9info:eu-repo/semantics/openAccess$$aby-nc-nd$$uhttp://creativecommons.org/licenses/by-nc-nd/3.0/es/ 000118037 655_4 $$ainfo:eu-repo/semantics/article$$vinfo:eu-repo/semantics/publishedVersion 000118037 700__ $$0(orcid)0000-0002-6658-872X$$aLafarga Ostáriz, Pablo 000118037 7102_ $$14001$$2215$$aUniversidad de Zaragoza$$bDpto. Ciencias de la Educación$$cÁrea Didáctica y Organiz. Esc. 000118037 773__ $$g8 (2020), 207-218$$pKult. Przemiany Eduk.$$tKultura, Przemiany, Edukacja$$x2300-9888 000118037 8564_ $$s475268$$uhttps://zaguan.unizar.es/record/118037/files/texto_completo.pdf$$yVersión publicada 000118037 8564_ $$s1455315$$uhttps://zaguan.unizar.es/record/118037/files/texto_completo.jpg?subformat=icon$$xicon$$yVersión publicada 000118037 909CO $$ooai:zaguan.unizar.es:118037$$particulos$$pdriver 000118037 951__ $$a2023-06-21-15:03:47 000118037 980__ $$aARTICLE